Samājaśikshaṇa. (Record no. 63981)

MARC details
000 -LEADER
fixed length control field 00632cam a22002291 4500
001 - CONTROL NUMBER
control field sa 65004878
003 - CONTROL NUMBER IDENTIFIER
control field DLC
005 - DATE AND TIME OF LATEST TRANSACTION
control field 20260227112133.0
008 - FIXED-LENGTH DATA ELEMENTS--GENERAL INFORMATION
fixed length control field 890706s1963 ii 000 0 gujo
010 ## - LIBRARY OF CONGRESS CONTROL NUMBER
LC control number sa 65004878
035 ## - SYSTEM CONTROL NUMBER
System control number (OCoLC)19973593
040 ## - CATALOGING SOURCE
Original cataloging agency DLC
Transcribing agency WaU
Modifying agency DLC
042 ## - AUTHENTICATION CODE
Authentication code premarc
050 00 - LIBRARY OF CONGRESS CALL NUMBER
Classification number LC191
Item number .S16
100 1# - MAIN ENTRY--PERSONAL NAME
Personal name Śāha, Śāntilāla Hīrālāla.
245 10 - TITLE STATEMENT
Title Samājaśikshaṇa.
260 ## - PUBLICATION, DISTRIBUTION, ETC.
Date of publication, distribution, etc. [1963]
300 ## - PHYSICAL DESCRIPTION
Extent 6, 169 p.
Dimensions 19 cm.
410 20 - SERIES STATEMENT/ADDED ENTRY--CORPORATE NAME [OBSOLETE, CAN/MARC], [LOCAL, USA]
Corporate name or jurisdiction name as entry element Maharaja Sayajirao University of Baroda.
Title of a work Śrī Sayājī grāmavikāsamāḷā,
Volume number/sequential designation 29
500 ## - GENERAL NOTE
General note In Gujarati.
650 #0 - SUBJECT ADDED ENTRY--TOPICAL TERM
Topical term or geographic name entry element Educational sociology.

No items available.

Powered by Koha